| 000 | 00898nam a22002891i 4500 | ||
|---|---|---|---|
| 001 | 01162936 | ||
| 003 | DO-SdBNP | ||
| 005 | 20180417084525.0 | ||
| 007 | 01162936 | ||
| 008 | 930725s1978 dr spa | ||
| 016 | 7 |
_a _z _2BPMSU |
|
| 017 |
_a _b |
||
| 020 | _a8439983298 | ||
| 035 | _a | ||
| 040 |
_aBPMSU _bspa _cBPMSU |
||
| 080 | 0 | _a | |
| 245 | 1 | 3 |
_aLa matemática en la vida diaria : _b5º grado / _h _cAdaptado... por Lic. Andrés Arístides Fulcar Berigüette, Prof. Luis Humberto Monsanto Pérez |
| 246 | 1 | 3 | _aMatemática moderna |
| 260 |
_aSanto Domingo : _bDisesa _c1978 |
||
| 300 |
_a239 p.: _c22 cm _b |
||
| 650 | 7 |
_aMatemáticas _vLibros escolares _2 |
|
| 700 | 1 | _aFulcar Berigüete, Andrés Aristides | |
| 700 | 1 | _aMonsanto Pérez, Luis Humberto | |
| 942 |
_2ddc _cBK |
||
| 945 | _aRemanejado para la BNPHU / 2018 VM | ||
| 956 |
_aBTAVAREZ _210 _320171018 _60038 |
||
| 999 |
_c9398 _d9398 |
||